[Event "Summer Tournament 2015 "]
[Site "SchemingMind.com"]
[Date "2015.05.24"]
[Round "-"]
[White "fanfan_la_Tulipe"]
[Black "woodpr"]
[Result "1-0"]
[WhiteCountry "AUT"]
[BlackCountry "ENG"]
[WhiteElo "2084"]
[WhiteRD "74"]
[BlackElo "1736"]
[BlackRD "140"]
[GameID "381061"]

1. f4 d5 2. Nf3 e6 3. g3 Nf6 4. Bg2 Nc6 5. b3 Bc5 6. Bb2 Ng4 7. e3 Bxe3 8. dxe3 Nxe3 9. Qd2 Nxg2+ 10. Qxg2 f6
11. O-O b6 12. Re1 Qd6 13. Nc3 O-O 14. Rad1 Qc5+ 15. Qf2 Bb7 16. Qxc5 bxc5 17. Na4 c4 18. bxc4 dxc4 19. Nc5 Bc8 20. Nxe6 Bxe6
21. Rxe6 Rad8 22. Rxd8 Nxd8 23. Re7 Nc6 24. Rxc7 Nb4 25. Ba3 Rb8 26. Rxc4 Nxa2 27. Rc7 a5 28. Ra7 h6 29. Rxa5 Nc3 30. Kf2 Kh7
31. Nd4 Re8 32. Ra7 Nd1+ 33. Kf1 Ne3+ 34. Kf2 Nd1+ 35. Kg2 Ne3+ 36. Kf3 Nc4 37. Nf5 Rg8 38. Be7 Kg6 39. g4 Rc8 40. Nd4 Nd2+
41. Kg2 Rh8 42. h4 Rc8 43. h5+ Kh7 44. Bxf6 Rg8 45. Nf5 Ne4 46. Bxg7 Rc8 47. Be5+ Kg8 48. Ne7+
1-0

[Event "Summer Tournament 2015 "]
[Site "SchemingMind.com"]
[Date "2015.05.25"]
[Round "-"]
[White "woodpr"]
[Black "fanfan_la_Tulipe"]
[Result "0-1"]
[WhiteCountry "ENG"]
[BlackCountry "AUT"]
[WhiteElo "1736"]
[WhiteRD "140"]
[BlackElo "2084"]
[BlackRD "74"]
[GameID "381062"]

1. d4 Nf6 2. e3 g6 3. Nc3 Bg7 4. Bc4 d5 5. Bd3 O-O 6. h3 Nbd7 7. e4 dxe4 8. Bc4 Nb6 9. b3 Nxc4 10. bxc4 c5
11. Nge2 cxd4 12. Nxd4 e5 13. Ndb5 Qxd1+ 14. Nxd1 Bd7 15. Nd6 Bc6 16. Ne3 Rfd8 17. Bb2 Rxd6 18. Bxe5 Rd7 19. O-O Nh5 20. Bxg7 Kxg7
21. a4 Nf4 22. h4 h5 23. g3 Ne2+ 24. Kh2 Rd2 25. a5 Nd4 26. Rad1 Nf3+ 27. Kg2 Rad8 28. c5 Rxd1 29. Nxd1 e3 30. Nxe3 Nd2+
0-1

[Event "Summer Tournament 2015 "]
[Site "SchemingMind.com"]
[Date "2015.05.25"]
[Round "-"]
[White "fanfan_la_Tulipe"]
[Black "Stephen Woodhouse"]
[Result "1-0"]
[WhiteCountry "AUT"]
[BlackCountry "ENG"]
[WhiteElo "2078"]
[WhiteRD "74"]
[BlackElo "1879"]
[BlackRD "50"]
[GameID "381075"]

1. f4 e6 2. Nf3 d5 3. b3 Nf6 4. Bb2 Be7 5. e3 O-O 6. Bd3 c5 7. O-O Nc6 8. a3 Qc7 9. Ne5 Nd7 10. Bxh7+ Kxh7
11. Qh5+ Kg8 12. Nxd7 Bxd7 13. Bxg7 Kxg7 14. Qg4+ Kh8 15. Rf3
1-0

[Event "Summer Tournament 2015 "]
[Site "SchemingMind.com"]
[Date "2015.05.25"]
[Round "-"]
[White "Stephen Woodhouse"]
[Black "fanfan_la_Tulipe"]
[Result "1/2-1/2"]
[WhiteCountry "ENG"]
[BlackCountry "AUT"]
[WhiteElo "1879"]
[WhiteRD "50"]
[BlackElo "2078"]
[BlackRD "74"]
[GameID "381076"]

1. e4 e5 2. Nf3 Nc6 3. d4 exd4 4. Nxd4 Bc5 5. Be3 Qf6 6. c3 Nge7 7. Bc4 Ne5 8. Be2 Qg6 9. O-O d6 10. Kh1 Qxe4
11. Nd2 Qg6 12. Bh5 Bg4 13. Qa4+ Bd7 14. Qd1 Qd3 15. Be2 Qg6 16. Bh5 Qd3=
1/2-1/2

[Event "Summer Tournament 2015 "]
[Site "SchemingMind.com"]
[Date "2015.05.28"]
[Round "-"]
[White "Stephen Woodhouse"]
[Black "woodpr"]
[Result "1-0"]
[WhiteCountry "ENG"]
[BlackCountry "ENG"]
[WhiteElo "1834"]
[WhiteRD "49"]
[BlackElo "1736"]
[BlackRD "140"]
[GameID "381077"]

1. e4 e5 2. Nf3 Nc6 3. d4 exd4 4. Nxd4 Bc5 5. Be3 Qe7 6. Nc3 Nf6 7. Nf5 Qf8 8. Nxg7+ Kd8 9. Bxc5 Qxc5 10. Qf3 Qe5
11. O-O-O d6 12. Nf5 a6 13. Bc4 Be6 14. Bxe6 fxe6 15. Ne3 Nd4 16. Qh3 Nxe4 17. Qh4+ Kd7 18. Nxe4 b5 19. Nf6+ Kc6 20. Qxd4 Rhf8
21. Qxe5 dxe5 22. Ne4 Rf4 23. f3
1-0

[Event "Summer Tournament 2015 "]
[Site "SchemingMind.com"]
[Date "2015.05.29"]
[Round "-"]
[White "woodpr"]
[Black "Stephen Woodhouse"]
[Result "0-1"]
[WhiteCountry "ENG"]
[BlackCountry "ENG"]
[WhiteElo "1736"]
[WhiteRD "140"]
[BlackElo "1834"]
[BlackRD "49"]
[GameID "381078"]

1. d4 e6 2. Nf3 d5 3. c3 c5 4. e3 Nc6 5. g3 Nf6 6. Bg2 Bd6 7. Qe2 O-O 8. Nbd2 e5 9. h3 exd4 10. O-O dxe3
11. Qxe3 Bf5 12. Nh4 Re8 13. Ne4 Bxe4 14. Bxe4 Rxe4 15. Qg5 h6 16. Qf5 Qd7 17. g4 Rae8 18. f3 Re2 19. Bf4 Qxf5 20. gxf5 Bxf4
21. a4 Rxb2
0-1

[Event "Summer Tournament 2015 "]
[Site "SchemingMind.com"]
[Date "2015.05.26"]
[Round "-"]
[White "Eric111"]
[Black "fanfan_la_Tulipe"]
[Result "0-1"]
[WhiteCountry "USA"]
[BlackCountry "AUT"]
[WhiteElo "1563"]
[WhiteRD "59"]
[BlackElo "2061"]
[BlackRD "71"]
[GameID "381149"]

1. d4 Nf6 2. c4 g6 3. Nc3 d5 4. cxd5 Nxd5 5. e4 Nxc3 6. bxc3 Bg7 7. Nf3 c5 8. Rb1 O-O 9. Be3 Nc6 10. Be2 Bg4
11. O-O Bxf3 12. Bxf3 cxd4 13. cxd4 Nxd4 14. Rxb7 e5 15. Rb2 Qa5 16. Rd2 Rfd8 17. Bxd4 Rxd4 18. Rxd4 exd4 19. Qc2 Qc3 20. Rc1 Rb8
21. Qxc3 dxc3 22. h3 Rb2 23. a4 Bd4 24. Bd1 Rxf2 25. Kh1 Rf1+ 26. Kh2 c2
0-1

[Event "Summer Tournament 2015 "]
[Site "SchemingMind.com"]
[Date "2015.05.26"]
[Round "-"]
[White "fanfan_la_Tulipe"]
[Black "Eric111"]
[Result "1-0"]
[WhiteCountry "AUT"]
[BlackCountry "USA"]
[WhiteElo "2061"]
[WhiteRD "71"]
[BlackElo "1563"]
[BlackRD "59"]
[GameID "381150"]

1. f4 d6 2. Nf3 g6 3. g3 Bg7 4. Bg2 e5 5. fxe5 dxe5 6. e4 Ne7 7. Nc3 O-O 8. d3 Nbc6 9. O-O Bg4 10. h3 Be6
11. Be3 h6 12. Qd2 Kh7 13. Rad1 f5 14. d4 exd4 15. Nxd4 Nxd4 16. Bxd4 Bxd4+ 17. Qxd4 Qxd4+ 18. Rxd4 Rad8 19. Rfd1 Nc6 20. Rxd8 Rxd8
21. Rxd8 Nxd8 22. Kf2 c6 23. Ke3 fxe4 24. Kxe4 b5 25. a3 a5 26. Ke5 Bf5 27. Kd6 Bxc2 28. Ke7 Nb7 29. Bxc6 Nc5 30. Bxb5 Bb3
31. Kd6 Ne6 32. Ba4 Nd4 33. Bxb3 Nxb3 34. Kd5 g5 35. Kc4
1-0

[Event "Summer Tournament 2015 "]
[Site "SchemingMind.com"]
[Date "2015.05.26"]
[Round "-"]
[White "Eric111"]
[Black "Stephen Woodhouse"]
[Result "1-0"]
[WhiteCountry "USA"]
[BlackCountry "ENG"]
[WhiteElo "1587"]
[WhiteRD "54"]
[BlackElo "1879"]
[BlackRD "50"]
[GameID "381151"]

1. d4 e6 2. c4 f5 3. g3 Nf6 4. Bg2 d5 5. Qc2 c6 6. Nh3 Bd6 7. Bf4 O-O 8. O-O Ne4 9. Nd2 Be7 10. cxd5 cxd5
11. a3 Nd7 12. f3 Nxd2 13. Qxd2 Nb6 14. b3 Bd7 15. Bg5 Rc8 16. Bxe7 Qxe7 17. Rfc1 Bb5 18. e3 Qd7 19. Rxc8 Rxc8 20. Rc1 h6
21. Rxc8+ Qxc8 22. Nf4 g5 23. Ng6 Nd7 24. Ne7+
1-0

[Event "Summer Tournament 2015 "]
[Site "SchemingMind.com"]
[Date "2015.05.26"]
[Round "-"]
[White "Stephen Woodhouse"]
[Black "Eric111"]
[Result "1-0"]
[WhiteCountry "ENG"]
[BlackCountry "USA"]
[WhiteElo "1879"]
[WhiteRD "50"]
[BlackElo "1587"]
[BlackRD "54"]
[GameID "381152"]

1. e4 e5 2. Nf3 Nc6 3. d4 exd4 4. Nxd4 Bc5 5. Be3 Qf6 6. c3 d6 7. Bc4 Ne5 8. Be2 Qg6 9. O-O Bh3 10. Bf3 Ne7
11. Kh1 Bg4 12. Nd2 Bxf3 13. N2xf3 O-O 14. Nxe5 dxe5 15. Nf5 Nxf5 16. Bxc5 Nd6 17. Bxd6 Qxd6 18. Qxd6 cxd6 19. Rfd1 Rad8 20. Rd5 Rd7
21. Rad1 Rfd8 22. g3 f6 23. Kg2 Kf7 24. Kf3 Ke6 25. Ke3 h6 26. f4 a6 27. c4 g5 28. fxg5 fxg5 29. Rf1 Rf7 30. Rdd1 Rc8
31. Rxf7 Kxf7 32. Rxd6 Rxc4 33. Rxh6 Rc2 34. Rh7+ Kg6 35. Rxb7 Rxh2 36. Rb6+ Kh5 37. Kf3 Rd2 38. g4+ Kh4 39. Rh6#
1-0

[Event "Summer Tournament 2015 "]
[Site "SchemingMind.com"]
[Date "2015.05.31"]
[Round "-"]
[White "Eric111"]
[Black "woodpr"]
[Result "1-0"]
[WhiteCountry "USA"]
[BlackCountry "ENG"]
[WhiteElo "1563"]
[WhiteRD "59"]
[BlackElo "1569"]
[BlackRD "114"]
[GameID "381153"]

1. d4 d5 2. c4 e6 3. Bf4 Bd6 4. Bxd6 Qxd6 5. e3 a6 6. a4 Nf6 7. Nf3 Qb4+ 8. Qd2 a5 9. c5 Nc6 10. Bb5 O-O
11. O-O Qxd2 12. Nbxd2 Na7 13. Bd3 Rb8 14. Rfc1 Re8 15. b3 b6 16. cxb6 cxb6 17. h3 Bd7 18. Ne5 g6 19. Rc7 Nc6 20. Nxc6 Bxc6
21. Rxc6 Kg7 22. Bb5 Re7 23. Rac1 Rbb7 24. Nf3 h6 25. Bd3 g5 26. Ne5 h5 27. g4 hxg4 28. hxg4 Re8 29. Kg2 Ree7 30. f4 Nd7
31. Nxd7 Rexd7 32. fxg5 Re7 33. Rh1 Kf8 34. Rc8+ Kg7 35. Rh7#
1-0

[Event "Summer Tournament 2015 "]
[Site "SchemingMind.com"]
[Date "2015.05.31"]
[Round "-"]
[White "woodpr"]
[Black "Eric111"]
[Result "0-1"]
[WhiteCountry "ENG"]
[BlackCountry "USA"]
[WhiteElo "1569"]
[WhiteRD "114"]
[BlackElo "1563"]
[BlackRD "59"]
[GameID "381154"]

1. d4 e6 2. Nf3 Nf6 3. Bg5 h6 4. Be3 b6 5. a3 a5 6. c3 Bb7 7. Nbd2 Nd5 8. Nc4 Nxe3 9. Nxe3 Bxf3 10. exf3 Be7
11. Bd3 O-O 12. g3 d5 13. f4 Nd7 14. Ng4 Nf6 15. Nxf6+ Bxf6 16. h4 Qd6 17. Qg4 Rfe8 18. O-O-O c5 19. Bb5 Rec8 20. f5 exf5
21. Qxf5 cxd4 22. Rd3 dxc3 23. Rxd5 cxb2+ 24. Kb1 Qxa3
0-1

[Event "Summer Tournament 2015 "]
[Site "SchemingMind.com"]
[Date "2015.05.31"]
[Round "-"]
[White "Eric111"]
[Black "John Hamer"]
[Result "0-1"]
[WhiteCountry "USA"]
[BlackCountry "ENG"]
[WhiteElo "1555"]
[WhiteRD "58"]
[BlackElo "2050"]
[BlackRD "62"]
[GameID "381304"]

1. d4 Nf6 2. c4 c5 3. Nc3 d6 4. Nf3 cxd4 5. Qxd4 Nc6 6. Qf4 e5 7. Qh4 Nb4 8. Kd1 Be7 9. Qg5 Ng4 10. Qxg7 Bf6
0-1

[Event "Summer Tournament 2015 "]
[Site "SchemingMind.com"]
[Date "2015.05.31"]
[Round "-"]
[White "John Hamer"]
[Black "Eric111"]
[Result "1-0"]
[WhiteCountry "ENG"]
[BlackCountry "USA"]
[WhiteElo "2050"]
[WhiteRD "62"]
[BlackElo "1555"]
[BlackRD "58"]
[GameID "381305"]

1. e4 c6 2. d4 d5 3. Nc3 dxe4 4. Nxe4 Bf5 5. Ng3 Bg6 6. Nf3 Nf6 7. h4 h6 8. Ne5 Bh7 9. Bc4 e6 10. Qe2 Nbd7
11. Nxf7 Kxf7 12. Qxe6+
1-0

[Event "Summer Tournament 2015 "]
[Site "SchemingMind.com"]
[Date "2015.05.31"]
[Round "-"]
[White "John Hamer"]
[Black "fanfan_la_Tulipe"]
[Result "0-1"]
[WhiteCountry "ENG"]
[BlackCountry "AUT"]
[WhiteElo "2014"]
[WhiteRD "60"]
[BlackElo "2070"]
[BlackRD "72"]
[GameID "381306"]

1. e4 e5 2. Nf3 Nc6 3. Bc4 Nf6 4. d4 exd4 5. e5 d5 6. Bb5 Ne4 7. Nxd4 Bc5 8. O-O O-O 9. Bxc6 bxc6 10. Be3 Qe8
11. f3 Nd6 12. Bf4 Nc4 13. b3 Nxe5 14. Nc3 Bd7 15. Qd2 f6 16. Rae1 Bd6 17. Bg3 Qf7 18. Re2 Rfe8 19. f4 Ng6 20. Rfe1 Rxe2
21. Ncxe2 Re8 22. f5 Ne5 23. Nf4 c5 24. Nde6 d4 25. c3 Nc6 26. cxd4 Nxd4 27. Nxd4 Rxe1+ 28. Qxe1 cxd4 29. Ne6 Qe7 30. Nxd4 Bc5
31. Qxe7 Bxe7 32. Ne6 Bxe6 33. fxe6= Bd6 34. Bf2 a6 35. Bd4 Kf8
0-1

[Event "Summer Tournament 2015 "]
[Site "SchemingMind.com"]
[Date "2015.05.31"]
[Round "-"]
[White "fanfan_la_Tulipe"]
[Black "John Hamer"]
[Result "1/2-1/2"]
[WhiteCountry "AUT"]
[BlackCountry "ENG"]
[WhiteElo "2061"]
[WhiteRD "71"]
[BlackElo "2033"]
[BlackRD "62"]
[GameID "381307"]

1. f4 Nf6 2. Nf3 g6 3. g3 Bg7 4. Bg2 O-O 5. O-O d5 6. d3 c5 7. Qe1 d4 8. Na3 Nd5 9. Bd2 Nc6 10. c3 e6
11. Nc4 b5 12. Nce5 Nce7 13. cxd4 f6 14. e4 Nc7 15. Ng4 e5= 16. Nf2 cxd4 17. fxe5 fxe5 18. Ba5 Nc6 19. Rc1 Bb7 20. Bd2 Rc8
21. Qd1 Qe7 22. Qb3+ Kh8 23. Ng5 Bf6=
1/2-1/2

[Event "Summer Tournament 2015 "]
[Site "SchemingMind.com"]
[Date "2015.05.31"]
[Round "-"]
[White "John Hamer"]
[Black "Stephen Woodhouse"]
[Result "1-0"]
[WhiteCountry "ENG"]
[BlackCountry "ENG"]
[WhiteElo "2050"]
[WhiteRD "62"]
[BlackElo "1834"]
[BlackRD "49"]
[GameID "381308"]

1. d4 e6 2. Nf3 d5 3. c4 c5 4. e3 Nc6 5. Nc3 Nf6 6. Bd3 Be7 7. O-O O-O 8. a3 cxd4 9. exd4 dxc4 10. Bxc4 Nd5
11. Re1 Bf6 12. Ne4 a6 13. Nxf6+ Qxf6 14. Bg5 Qg6 15. Bd3 Qh5 16. Re4 f5 17. Rh4 Qf7 18. Qc2 Bd7 19. Qb3 b5 20. Bf4 Nxf4
21. Rxf4 h6 22. Be4 g5 23. Rxf5 exf5 24. Bd5
1-0

[Event "Summer Tournament 2015 "]
[Site "SchemingMind.com"]
[Date "2015.05.31"]
[Round "-"]
[White "Stephen Woodhouse"]
[Black "John Hamer"]
[Result "0-1"]
[WhiteCountry "ENG"]
[BlackCountry "ENG"]
[WhiteElo "1834"]
[WhiteRD "49"]
[BlackElo "2050"]
[BlackRD "62"]
[GameID "381309"]

1. e4 e5 2. Nf3 Nf6 3. d4 Nxe4 4. Bd3 d5 5. Nxe5 Be7 6. O-O O-O 7. Re1 Nf6 8. Bg5 Re8 9. c4 Be6 10. cxd5 Nxd5
11. Bxe7 Qxe7 12. Nc3 Nd7 13. Nxd5 Bxd5 14. Nxd7 Qxd7 15. Bc2 Rxe1+ 16. Qxe1 Re8 17. Qd2 Qg4 18. f3 Bxf3 19. Bd1 Re1+
0-1

[Event "Summer Tournament 2015 "]
[Site "SchemingMind.com"]
[Date "2015.06.02"]
[Round "-"]
[White "John Hamer"]
[Black "woodpr"]
[Result "1-0"]
[WhiteCountry "ENG"]
[BlackCountry "ENG"]
[WhiteElo "2033"]
[WhiteRD "62"]
[BlackElo "1569"]
[BlackRD "114"]
[GameID "381310"]

1. e4 c5 2. d4 cxd4 3. Nf3 Nc6 4. Nxd4 d6 5. Nc3 Bd7 6. Be3 e6 7. Bc4 Qc8 8. Ndb5 Qb8 9. O-O g6 10. Bf4 e5
11. Be3 b6 12. Nd5 Na5 13. Nbc7+ Kd8 14. Ba6 Bc6 15. Bg5+ f6 16. Nxa8 fxg5 17. Nac7 Bxd5 18. Nxd5 Ne7 19. b4 Nac6 20. Qf3 Nxd5
21. exd5 Bg7 22. dxc6 e4 23. Qg4 Bxa1 24. Qd7#
1-0

[Event "Summer Tournament 2015 "]
[Site "SchemingMind.com"]
[Date "2015.06.03"]
[Round "-"]
[White "woodpr"]
[Black "John Hamer"]
[Result "0-1"]
[WhiteCountry "ENG"]
[BlackCountry "ENG"]
[WhiteElo "1569"]
[WhiteRD "114"]
[BlackElo "2033"]
[BlackRD "62"]
[GameID "381311"]

1. d4 Nf6 2. c4 c6 3. Nc3 d5 4. cxd5 cxd5 5. Nf3 e6 6. a3 Be7 7. Bf4 a6 8. Qb1 Nc6 9. e4 dxe4 10. Nxe4 Nxd4
11. Nxd4 Qxd4 12. Bd3 Nxe4 13. Bxe4 f5 14. Qd1 Qxe4+ 15. Be3 f4 16. Qd4 Qxg2 17. Rf1 fxe3 18. Qxe3 Bg5 19. Qe5 O-O 20. Rd1 Rf4
21. Rd4 Bd7 22. Rxf4 Bxf4 23. Qxf4 Bb5 24. Qc7 Qxf1+ 25. Kd2 Qxf2+
0-1

[Event "Summer Tournament 2015 "]
[Site "SchemingMind.com"]
[Date "2015.05.31"]
[Round "-"]
[White "Eric111"]
[Black "Trevor Brotherton"]
[Result "0-1"]
[WhiteCountry "USA"]
[BlackCountry "ENG"]
[WhiteElo "1563"]
[WhiteRD "59"]
[BlackElo "2315"]
[BlackRD "97"]
[GameID "381336"]

1. e4 c5 2. Nf3 Nc6 3. Nc3 Nf6 4. d4 cxd4 5. Nxd4 e5 6. Nf3 Bb4 7. Bc4 O-O 8. Bg5 Bxc3+ 9. bxc3 h6 10. Bxf6 Qxf6
11. O-O d6 12. Rb1 Ne7 13. Qe2 Ng6 14. Rfd1 Bg4 15. Qe3 Rac8 16. Be2 Nf4 17. Rxb7 Rxc3 18. Qxa7 Nxe2+ 19. Kf1 Rxf3 20. gxf3 Qxf3
0-1

[Event "Summer Tournament 2015 "]
[Site "SchemingMind.com"]
[Date "2015.05.31"]
[Round "-"]
[White "Trevor Brotherton"]
[Black "Eric111"]
[Result "1-0"]
[WhiteCountry "ENG"]
[BlackCountry "USA"]
[WhiteElo "2315"]
[WhiteRD "97"]
[BlackElo "1563"]
[BlackRD "59"]
[GameID "381337"]

1. c4 c5 2. g3 g6 3. Bg2 Bg7 4. Nc3 Nc6 5. Nh3 Nf6 6. Nf4 d6 7. d3 O-O 8. O-O Bd7 9. Bd2 a6 10. Ncd5 Rb8
11. Bc3 e5 12. Nxf6+ Bxf6 13. Nd5 Bg7 14. a4 a5 15. e3 b6 16. h4 h5 17. Bf3 Qc8 18. Kh2 Bg4 19. Bxg4 Qxg4 20. Qxg4 hxg4
21. e4 Bh6 22. Nf6+ Kg7 23. Nd7
1-0

[Event "Summer Tournament 2015 "]
[Site "SchemingMind.com"]
[Date "2015.05.31"]
[Round "-"]
[White "Trevor Brotherton"]
[Black "John Hamer"]
[Result "1-0"]
[WhiteCountry "ENG"]
[BlackCountry "ENG"]
[WhiteElo "2315"]
[WhiteRD "97"]
[BlackElo "2033"]
[BlackRD "62"]
[GameID "381338"]

1. c4 Nf6 2. g3 d5 3. Bg2 e6 4. Nf3 Bd6 5. O-O O-O 6. d4 c6 7. Nc3 Nbd7 8. b3 h6 9. Qc2 Re8 10. Bb2 Nf8
11. e4 dxe4 12. Ne5 Bc7 13. Rad1 N8d7 14. Rfe1 Ba5 15. Re2 Bxc3 16. Bxc3 Qc7 17. Bxe4 Nxe4 18. Qxe4 Rd8 19. Nxf7 Nf6 20. Nxh6+ gxh6
21. Qh4 Kg7 22. d5 Qf7 23. d6 Kg6 24. Rd4 Re8 25. Re5 Rf8 26. Rf4 Kg7 27. Rh5
1-0

[Event "Summer Tournament 2015 "]
[Site "SchemingMind.com"]
[Date "2015.05.31"]
[Round "-"]
[White "John Hamer"]
[Black "Trevor Brotherton"]
[Result "0-1"]
[WhiteCountry "ENG"]
[BlackCountry "ENG"]
[WhiteElo "2029"]
[WhiteRD "60"]
[BlackElo "2338"]
[BlackRD "102"]
[GameID "381339"]

1. d4 Nf6 2. Nf3 d6 3. c4 g6 4. Nc3 Bg7 5. e4 O-O 6. Be2 e5 7. O-O Na6 8. Be3 Ng4 9. Bg5 Qe8 10. Re1 exd4
11. Nd5 f6 12. Bf4 c6 13. Bxd6 cxd5 14. exd5 Qd8 15. Bxf8 Qxf8 16. Nxd4 f5 17. Qd2 Nf6 18. Bf3 Nc5 19. Rad1 a5 20. Qf4 Bd7
21. Qc7 Qc8 22. Qg3 Nce4 23. Bxe4 Nxe4 24. Qd3 a4 25. f3 Nd6 26. b3 Qc5 27. Kh1 Bf6 28. Ne6 Qb4 29. Qc2 b6 30. c5 axb3
31. axb3 bxc5 32. Qxc5 Qxc5 33. Nxc5 Ra7 34. Rc1 Kf7 35. f4 Be8 36. Re6 Bb2 37. Rb1 Bd4 38. b4 Nc4 39. Rbe1 Bb5 40. d6 Bf6
41. h3 Nb6 42. Rd1 Nd7 43. Re3 Bc6 44. Re2= Ra3 45. Kh2 Bb5 46. Rc2 Bh4 47. Kg1 Nxc5 48. Rxc5 Bd7 49. b5= Rb3 50. Rc7 Ke6
51. Rc2 Rxb5 52. Re2+ Kf7 53. g3 Bd8 54. Rde1 Bc6 55. Rd2 Ba5
0-1

[Event "Summer Tournament 2015 "]
[Site "SchemingMind.com"]
[Date "2015.05.31"]
[Round "-"]
[White "Trevor Brotherton"]
[Black "fanfan_la_Tulipe"]
[Result "1-0"]
[WhiteCountry "ENG"]
[BlackCountry "AUT"]
[WhiteElo "2351"]
[WhiteRD "109"]
[BlackElo "2130"]
[BlackRD "72"]
[GameID "381340"]

1. c4 e5 2. g3 Nf6 3. Bg2 d5 4. cxd5 Nxd5 5. Nc3 Nb6 6. Nf3 Nc6 7. O-O Be7 8. a3 O-O 9. d3 Re8 10. Be3 Bf8
11. Rc1 Nd4 12. Ne4 c6 13. Nxd4 exd4 14. Bg5 f6 15. Bd2 Nd5 16. Re1 Kh8 17. Qb3 Qb6 18. Qxb6 Nxb6 19. b4 Na4 20. Rc4 Rd8
21. Rb1 Bg4 22. Kf1 Be6 23. Rc2 Bd5 24. Nc5 Bxg2+ 25. Kxg2 Nxc5 26. bxc5 Rd7 27. h4 Re8 28. Bf4 h5 29. a4 Kh7 30. a5 a6
31. Kf3 Ree7 32. Rcb2 Rf7 33. Bd6 Bxd6 34. cxd6 Rxd6 35. Rxb7 Rxb7 36. Rxb7 Rd5 37. Ke4 Re5+ 38. Kxd4 Rxe2 39. Rb6 Rxf2 40. Rxa6 Rf5
41. Kc4 Rd5 42. Ra7 Kg6 43. Kb4 Rxd3 44. a6 Rxg3 45. Re7 Rg1 46. Re3 Rd1 47. Ra3 Kf5 48. a7 Rd8 49. a8=Q Rxa8 50. Rxa8 Kg4
51. Kc4 Kxh4 52. Kd3 Kg3 53. Ke2 h4 54. Kf1
1-0

[Event "Summer Tournament 2015 "]
[Site "SchemingMind.com"]
[Date "2015.05.31"]
[Round "-"]
[White "fanfan_la_Tulipe"]
[Black "Trevor Brotherton"]
[Result "0-1"]
[WhiteCountry "AUT"]
[BlackCountry "ENG"]
[WhiteElo "2087"]
[WhiteRD "70"]
[BlackElo "2338"]
[BlackRD "102"]
[GameID "381341"]

1. f4 Nf6 2. Nf3 g6 3. g3 Bg7 4. Bg2 O-O 5. O-O c5 6. d3 d5 7. c3 Nc6 8. Qe1 Qb6 9. Kh1 Bd7 10. e4 dxe4
11. dxe4 Rad8 12. Nbd2 Na5 13. b3 Ng4 14. e5 Qa6 15. h3 Nh6 16. Bb2 b6 17. c4 Nc6 18. Ne4 Nb4 19. Qe2 Bc6 20. a3 Nd3
21. Bc3 Nf5 22. Kh2 Qc8 23. g4 Nxf4 24. Qe1 Nxg2 25. Kxg2 Rd3
0-1

[Event "Summer Tournament 2015 "]
[Site "SchemingMind.com"]
[Date "2015.05.31"]
[Round "-"]
[White "Trevor Brotherton"]
[Black "Stephen Woodhouse"]
[Result "1-0"]
[WhiteCountry "ENG"]
[BlackCountry "ENG"]
[WhiteElo "2315"]
[WhiteRD "97"]
[BlackElo "1872"]
[BlackRD "48"]
[GameID "381342"]

1. e4 e6 2. d3 d5 3. Nd2 c5 4. Ngf3 Nc6 5. g3 Nf6 6. Bg2 Be7 7. O-O O-O 8. Re1 Bd7 9. e5 Ne8 10. Nb3 a6
11. d4 cxd4 12. Nbxd4 Nxd4 13. Nxd4 Nc7 14. Be3 Nb5 15. c4 Nxd4 16. Qxd4 Bc6 17. Qg4 g6 18. Red1 Qc7 19. cxd5 Bxd5 20. Bxd5 exd5
21. Rxd5 Rfd8 22. Rad1 Rxd5 23. Rxd5 Rd8 24. Qd4 b5 25. Bh6 Rxd5 26. Qxd5 Qd8 27. Qxd8+ Bxd8 28. Kg2 Bc7 29. f4 f6 30. exf6 Kf7
31. Bg5 Ke6 32. g4 Kd5 33. f7
1-0

[Event "Summer Tournament 2015 "]
[Site "SchemingMind.com"]
[Date "2015.05.31"]
[Round "-"]
[White "Stephen Woodhouse"]
[Black "Trevor Brotherton"]
[Result "0-1"]
[WhiteCountry "ENG"]
[BlackCountry "ENG"]
[WhiteElo "1872"]
[WhiteRD "48"]
[BlackElo "2315"]
[BlackRD "97"]
[GameID "381343"]

1. e4 c5 2. c3 Nf6 3. e5 Nd5 4. d4 cxd4 5. Nf3 Nc6 6. cxd4 d6 7. Bc4 Nb6 8. Bb5 Bd7 9. Nc3 dxe5 10. dxe5 g6
11. O-O Bg7 12. Bf4 O-O 13. Qe2 a6 14. Bd3 Bg4 15. Be4 Rc8 16. Rfd1 Qc7 17. Rac1 Bxe5 18. Bxe5 Nxe5 19. h3 Bxf3 20. Bxf3 Nxf3+
21. Qxf3 e6 22. Ne4 Qe7 23. Nf6+ Kg7 24. Ng4 Nd5 25. Ne3 Nxe3 26. Qxe3 Rfd8 27. g3 Rxd1+ 28. Rxd1 Rc2 29. Rd2 Rxd2 30. Qxd2 Qc5
31. Kg2 Qd5+
0-1

[Event "Summer Tournament 2015 "]
[Site "SchemingMind.com"]
[Date "2015.06.05"]
[Round "-"]
[White "Trevor Brotherton"]
[Black "woodpr"]
[Result "1-0"]
[WhiteCountry "ENG"]
[BlackCountry "ENG"]
[WhiteElo "2315"]
[WhiteRD "97"]
[BlackElo "1569"]
[BlackRD "114"]
[GameID "381344"]

1. c4 Nf6 2. g3 d5 3. Bg2 e6 4. Nf3 Bd6 5. O-O Bd7 6. d4 O-O 7. Bg5 Nc6 8. cxd5 exd5 9. Nc3 Qc8 10. Bxf6 gxf6
11. Nxd5 Be6 12. Nxf6+ Kh8 13. Qd2 Bf5 14. Qh6
1-0

[Event "Summer Tournament 2015 "]
[Site "SchemingMind.com"]
[Date "2015.06.05"]
[Round "-"]
[White "woodpr"]
[Black "Trevor Brotherton"]
[Result "0-1"]
[WhiteCountry "ENG"]
[BlackCountry "ENG"]
[WhiteElo "1568"]
[WhiteRD "118"]
[BlackElo "2320"]
[BlackRD "101"]
[GameID "381345"]

1. e4 c5 2. d4 cxd4 3. c3 Nf6 4. Bd3 dxc3 5. Nxc3 Nc6 6. Nf3 d6 7. h3 g6 8. Nd5 Nxd5 9. exd5 Qa5+ 10. Bd2 Qxd5
11. Qb3 Qxb3 12. axb3 Bg7 13. Bc3 O-O 14. O-O Be6 15. b4 a6 16. Rfe1 d5 17. Ng5 Bf5 18. Red1 d4 19. Bxf5 dxc3 20. Be4 cxb2
21. Ra3 Nxb4 22. Bxb7 Rab8 23. Be4 Rfc8 24. Nf3 Rc1
0-1

[Event "Summer Tournament 2015 "]
[Site "SchemingMind.com"]
[Date "2015.06.04"]
[Round "-"]
[White "Eric111"]
[Black "rookie31"]
[Result "0-1"]
[WhiteCountry "USA"]
[BlackCountry "IND"]
[WhiteElo "1555"]
[WhiteRD "58"]
[BlackElo "2213"]
[BlackRD "69"]
[GameID "381348"]

1. d4 Nf6 2. c4 e6 3. g3 d5 4. Bg2 c6 5. Qc2 Be7 6. Nf3 Nbd7 7. O-O b6 8. b3 Bb7 9. Nbd2 O-O 10. Bb2 c5
11. cxd5 exd5 12. dxc5 Rc8 13. Qf5 bxc5 14. e3 Re8 15. Rfe1 Bd6 16. Rac1 Bc6 17. Bh3 Qe7 18. Qc2 Rc7 19. Bg2 h6 20. Nh4 Be5
21. Bxe5 Qxe5 22. Nhf3 Qe7 23. Qb2 Ne4 24. Nh4 Qe6 25. Nhf3 Rec8 26. Rc2 Bb5 27. Rec1 Bd3
0-1

[Event "Summer Tournament 2015 "]
[Site "SchemingMind.com"]
[Date "2015.06.04"]
[Round "-"]
[White "rookie31"]
[Black "Eric111"]
[Result "1-0"]
[WhiteCountry "IND"]
[BlackCountry "USA"]
[WhiteElo "2213"]
[WhiteRD "69"]
[BlackElo "1555"]
[BlackRD "58"]
[GameID "381349"]

1. d4 e6 2. c4 d5 3. Nc3 Nf6 4. e3 Be7 5. Nf3 b6 6. cxd5 exd5 7. Bd3 O-O 8. O-O Bb7 9. Bd2 Nbd7 10. Qc2 Re8
11. Ne5 Bf8 12. f4 c5 13. Be1 Be7 14. Bh4 cxd4 15. exd4 h6 16. Qb3 Nb8 17. Bxf6 Bxf6 18. Be4 Bxe5 19. fxe5 dxe4 20. Qxf7+ Kh8
21. Qxb7
1-0